| 000 | 00833nam a22002295i 4500 | ||
|---|---|---|---|
| 001 | 162643 | ||
| 003 | ES-MaACL | ||
| 005 | 20250822063218.0 | ||
| 008 | 990719s1861 fr |||| | fre d | ||
| 040 |
_aCCPB | B _bspa _cCCPB | B |
||
| 100 |
_aProudhon, Pierre-Joseph, _d1809-1865 _9223708 |
||
| 245 | 1 | 0 |
_aThéorie de l'impot _b: question mise au concours par le Conseil d'État du Canton de Vaud en 1860 / _cpar P.-J. Proudhon. |
| 260 |
_aParis : _bE. Dentu, _c1861 ( _fImp. de J. Claye) |
||
| 300 |
_a[4], 400 p. ; _c18 cm. |
||
| 490 | 1 |
_aEssais de philossophie pratique ; _v15 |
|
| 597 | 1 | _aAntep. | |
| 650 | 4 |
_aImpuestos- _zSuiza. _9223586 |
|
| 752 |
_aFrancia - _dParís |
||
| 830 | 0 |
_aEssais de philossophie pratique ; _v15 _9222211 |
|
| 852 |
_aES-MaACL _jG-8546 _z-- Enc. hol. |
||
| 999 |
_c162643 _d162643 |
||